Bước đầu nghiên cứu sự ảnh hưởng của dịch chiết từ cây cỏ lào (Eupatorium odoratum L. King et Robinson đến sự thay đổi một số chỉ số sinh lý máu của chuột nhắt trắng (Mus musculus Var. Albino)

Bước đầu nghiên cứu sự thay đổi một số chỉ số sinh lý máu của chuột nhắt trắng dưới tác dụng của dịch chiết từ cây cỏ lào (Eupatorium odoratum L. King et Robinson) nhằm góp phần bổ sung tư liệu trong việc nghiên cứu tác dụng của cây cỏ lào đến chỉ số máu ở động vật thực nghiệm. Góp phần bổ sung nguồ...

Cur síos iomlán

Đã lưu trong:
Sonraí Bibleagrafaíochta
Príomhúdar: Đỗ Thị Hồng Hạnh
Údair Eile: Nguyễn Công Thùy Trâm (Hướng dẫn)
Formáid: Leabhar
Teanga:Vietnamese
Foilsithe: Đà Nẵng Đại học Sư phạm, Đại học Đà Nẵng 2013
Ábhair:
Clibeanna: Cuir Clib Leis
Gan Chlibeanna, Bí ar an gcéad duine leis an taifead seo a chlibeáil!
Thư viện lưu trữ: Mạng thư viện Đại học Đà Nẵng
LEADER 02527nam a2200421 4500
001 000018509
003 14941
005 20131115131123.0
008 131115s2013 viesd
041 |a vie 
082 1 4 |a 615.718  |b ĐÔ-H 
100 1 |a Đỗ Thị Hồng Hạnh 
245 1 |a Bước đầu nghiên cứu sự ảnh hưởng của dịch chiết từ cây cỏ lào (Eupatorium odoratum L. King et Robinson đến sự thay đổi một số chỉ số sinh lý máu của chuột nhắt trắng (Mus musculus Var. Albino)  |c Đỗ Thị Hồng Hạnh ; Nguyễn Công Thùy Trâm hướng dẫn  |k Khóa luận tốt nghiệp 
260 |a Đà Nẵng  |b Đại học Sư phạm, Đại học Đà Nẵng  |c 2013 
300 |a 43 tr.  |b mh.  |c 29 cm.  |e Bản tóm tắt 
500 |a Khóa luận tốt nghiệp đại học. Chuyên ngành: Cử nhân Sinh - Môi trường 
504 |a Mục lục đầu trang, tài liệu tham khảo tr. 73 - 74, phụ lục [13 tr.] 
520 |a Bước đầu nghiên cứu sự thay đổi một số chỉ số sinh lý máu của chuột nhắt trắng dưới tác dụng của dịch chiết từ cây cỏ lào (Eupatorium odoratum L. King et Robinson) nhằm góp phần bổ sung tư liệu trong việc nghiên cứu tác dụng của cây cỏ lào đến chỉ số máu ở động vật thực nghiệm. Góp phần bổ sung nguồn tư liệu làm cơ sở để nghiên cứu tác dụng của dịch chiết từ cây cỏ lào đến hiệu quả phòng và trị bệnh ở con người. 
600 1 4 |b Vua  |c Đinh Tiên Hoàng 
650 0 4 |a Cây cỏ lào  |v Khóa luận tốt nghiệp  |x Nghiên cứu 
650 0 4 |a Chuột nhắt trắng  |v Khóa luận tốt nghiệp  |x Nghiên cứu 
653 |a Khoa Sinh môi trường 
653 |a Cây cỏ lào 
653 |a Chuột nhắt trắng 
653 |a Eupatorium odoratum L. King et Robinson 
653 |a Mus musculus Var.Albino 
653 |a Sinh lý máu 
700 1 |a Nguyễn Công Thùy Trâm  |e Hướng dẫn 
OWN |a LSP 
AVA |a UDN50  |b LSP  |d 615.718 ĐÔ-H  |e available  |t Error 5001 Not defined in file expand_doc_bib_avail.  |f 1  |g 0  |h N  |i 0  |k 1 
999 |a From the UDN01 
AVA |a UDN50  |b LSP  |d 615.718 ĐÔ-H  |e available  |t Error 5001 Not defined in file expand_doc_bib_avail.  |f 1  |g 0  |h N  |i 0  |k 1 
TYP |a Monograph 
TYP |a Printed language 
980 |a Mạng thư viện Đại học Đà Nẵng